El cuerpo como campo de batalla / (Record no. 162934)

MARC details
000 -CABECERA
campo de control de longitud fija 00743nam a2200229 u 4500
005 - FECHA Y HORA DE LA ÚLTIMA TRANSACCIÓN
campo de control 20241101063723.0
008 - ELEMENTOS DE LONGITUD FIJA--INFORMACIÓN GENERAL
campo de control de longitud fija 130424s2009 mx r 000 0 spa d
020 ## - NÚMERO INTERNACIONAL NORMALIZADO PARA LIBROS
Número Internacional Estándar del Libro 9789708260756
035 ## - NÚMERO DE CONTROL DEL SISTEMA
Número de control de sistema UPN01000190831
049 ## - COLECCIÓN
Colección CG
050 #4 - SIGNATURA TOPOGRÁFICA DE LA BIBLIOTECA DEL CONGRESO
Número de clasificación HQ799.2 V5.6
Número de documento/Ítem V4.2
100 1# - ASIENTO PRINCIPAL--NOMBRE PERSONAL
Nombre de persona Velázquez Reyes, Luz María
9 (RLIN) 32859
245 13 - MENCIÓN DE TÍTULO
Título El cuerpo como campo de batalla /
Mención de responsabilidad, etc. Luz María Velázquez Reyes.
260 ## - PUBLICACIÓN, DISTRIBUCIÓN, ETC.
Lugar de publicación, distribución, etc. México :
Nombre del editor, distribuidor, etc. Gobierno del Estado de México,
Fecha de publicación, distribución, etc. 2009.
300 ## - DESCRIPCIÓN FÍSICA
Extensión 167 p. :
Otras características físicas gráfs., tablas
440 #0 - MENCIÓN DE SERIE/ASIENTO SECUNDARIO--TÍTULO
Título Biblioteca mexiquense del bicentenario
650 #4 - ASIENTO SECUNDARIO DE MATERIA - TERMINO TEMATICO
Término de materia o nombre geográfico como elemento de entrada JOVENES Y VIOLENCIA -
Subdivisión geográfica MEXICO
9 (RLIN) 22199
650 #4 - ASIENTO SECUNDARIO DE MATERIA - TERMINO TEMATICO
Término de materia o nombre geográfico como elemento de entrada Violencia
Subdivisión geográfica México
9 (RLIN) 1562
650 #7 - ASIENTO SECUNDARIO DE MATERIA - TERMINO TEMATICO
Término de materia o nombre geográfico como elemento de entrada Jóvenes
Subdivisión general Conducta de vida
Fuente del encabezamiento o término
9 (RLIN) 16721
905 ## - TIPO DE MATERIAL
Tipo de material Libro
Holdings
Estado de retiro Estado de pérdida Fuente del sistema de clasificación o colocación Estado dañado No para préstamo Código de colección Localización permanente Ubicación/localización actual Ubicación en estantería Fecha de adquisición Total de préstamos Clasificación Código de barras Fecha visto por última vez Fecha del último préstamo Número de copia Tipo de ítem Koha
    Library of Congress Classification     Colección General Bib. Gregorio Torres Quintero Bib. Gregorio Torres Quintero Planta baja 13/02/2023 2 HQ799.2 V5.6 V4.2 287790 27/02/2023 13/02/2023 1 Libro